| 000 | 00451nam a2200181Ia 4500 | ||
|---|---|---|---|
| 008 | 180925s9999 xx 000 0 und d | ||
| 100 | _aJones, Steeve | ||
| 245 | _aNew media and society | ||
| 245 | _cSteeve Jones | ||
| 260 | _bSage | ||
| 260 | _c2018. | ||
| 300 | _apages 2674-3094, August 2018 | ||
| 440 |
_aNew media and society _v20.8 |
||
| 650 | _aCommunication. | ||
| 650 | _aCultural studies. | ||
| 650 | _aMedia. | ||
| 942 |
_2lcc _cSE |
||
| 999 |
_c358871 _d358871 |
||